Wider planning for an ageing population, housing and communities (Record no. 110827)
[ view plain ]
| 000 -LEADER | |
|---|---|
| fixed length control field | 01207cad a22002175a 4500 |
| 001 - CONTROL NUMBER | |
| control field | E150324 |
| 008 - FIXED-LENGTH DATA ELEMENTS--GENERAL INFORMATION | |
| fixed length control field | 100629s2010 xxk f s000 0 eng d |
| 020 ## - INTERNATIONAL STANDARD BOOK NUMBER | |
| International Standard Book Number | 9780755994298 |
| 035 ## - SYSTEM CONTROL NUMBER | |
| System control number | (Sirsi) u150324 |
| 041 0# - LANGUAGE CODE | |
| Language code of text/sound track or separate title | eng |
| 110 2# - MAIN ENTRY--CORPORATE NAME | |
| Corporate name or jurisdiction name as entry element | Scotland |
| Subordinate unit | Scottish Government |
| 9 (RLIN) | 5344 |
| 245 00 - TITLE STATEMENT | |
| Title | Wider planning for an ageing population, housing and communities |
| Remainder of title | consultation on the workstream report and its suggested actions |
| Medium | [electronic resource] |
| 260 ## - PUBLICATION, DISTRIBUTION, ETC. | |
| Place of publication, distribution, etc. | Edinburgh |
| Name of publisher, distributor, etc. | Scottish Government |
| Date of publication, distribution, etc. | 2010 |
| 505 2# - FORMATTED CONTENTS NOTE | |
| Formatted contents note | Foreword -- Introduction -- Wider planning for an ageing population -- Outcomes and suggested actions -- Annex A, draft equality impact assessment -- Respondent information form -- Questionnaire |
| 520 ## - SUMMARY, ETC. | |
| Summary, etc. | A consultation on proposals aimed at meeting the housing needs of Scotland's ageing population, and maximising older people's independence and quality of life. Deadline for comments is 29 September 2010. |
| 590 ## - LOCAL NOTE (RLIN) | |
| Local note | KA |
| 651 #4 - SUBJECT ADDED ENTRY--GEOGRAPHIC NAME | |
| Geographic name | Scotland |
| Chronological subdivision | 1999- |
| 690 ## - LOCAL SUBJECT ADDED ENTRY--TOPICAL TERM (OCLC, RLIN) | |
| Topical term or geographic name as entry element | PROPERTY-RESIDENTIAL PROPERTY-DOMESTIC RESIDENTIAL PROPERTY-HOUSING |
| 856 40 - ELECTRONIC LOCATION AND ACCESS | |
| Uniform Resource Identifier | <a href="https://www.scotland.gov.uk/Publications/2010/06/25130641/0">https://www.scotland.gov.uk/Publications/2010/06/25130641/0</a> |
| Public note | View the consultation free of charge at www.scotland.gov.uk |
| 942 ## - ADDED ENTRY ELEMENTS (KOHA) | |
| Suppress in OPAC | 0 |
| Withdrawn status | Lost status | Source of classification or shelving scheme | Damaged status | Not for loan | Home library | Current library | Shelving location | Date acquired | Total Checkouts | Full call number | Barcode | Date last seen | Copy number | Price effective from | Koha item type |
|---|---|---|---|---|---|---|---|---|---|---|---|---|---|---|---|
| Dewey Decimal Classification | Virtual | Virtual | Online | 29/06/2010 | ONLINE PUBLICATION | 150324-2001 | 06/08/2019 | 1 | 06/08/2019 | Book |